000 01280nam a2200361 c 4500
001 59612
003 CO-BoRNBP
005 20251024150347.0
007 ta
008 250201s2024 ck a|||br||| 000 0fdspa d
020 _a9786289674903
040 _aCO-BoRNBP
_bspa
_erda
_cCO-BoRNBP
041 0 _aspa
043 _as-ck---
084 _aN
100 _aCarreño, Adriana
_d1977-
_eaut
_966047
245 1 0 _aAnimales que viven en mi /
_cAdriana Carreño ; ilustraciones de Omar Castro.
250 _aEdición especial
264 1 _aBogotá, Colombia :
_bInternational Learning Services,
_c2024
300 _a118 páginas :
_bilustraciones en blanco y negro
336 _atexto
_btxt
_2rdacontenido
337 _asin mediación
_bn
_2rdamedio
338 _avolumen
_bnc
_2rdasoporte
521 _aRecomendado para un público infantil a partir de los 6 años
545 _aIncluye datos biográficos de la autora
650 0 7 _aAmistad en la literatura
_2LEMB
_970
650 0 7 _aEmociones infantiles en la literatura
_2lemb
650 0 4 _aNovela infantil colombiana
_ySiglo XX
_2LEMB
_9365
650 0 7 _aPaginas web en la literatura
_2lemb
_966048
650 0 4 _aLiteratura infantil colombiana
_ySiglo XX
_2LEMB
_9364
700 _aCastro, Omar
_eill
_966049
942 _2loc
_cBKLITI
999 _c59612
_d59612